000 00580nam a22001697a 4500
003 NUST
038 _aNusrat Nadeem
082 _a200
100 _aMurtaza, Ramesha
_9124950
245 _aGenerating Pseudo Labels for Rice Crop Classification in Punjab Region: A Two-Stage Approach/
_cRamesha Murtaza,
264 _aIslamabad;
_bSEECS NUST;
_c2024.
300 _a85,p;
_bill;
_c30,cm.
650 _aMS-Artificial Intelligence
_9124951
700 _aSupervisor: Dr Muhammad Moazam Fraz
_996751
856 _uhttp://10.250.8.41:8080/xmlui/handle/123456789/45093
942 _2ddc
_cSC
999 _c610715
_d610715